Normal view
MARC view
- SPIEGEL, MURRAY P
Entry Personal Name
001 - CONTROL NUMBER
- control field: 77483
003 - CONTROL NUMBER IDENTIFIER
- control field: NUST
005 - DATE AND TIME OF LATEST TRANSACTION
- control field: 20210628205924.0
008 - FIXED-LENGTH DATA ELEMENTS
- fixed length control field: 210628|| aca||aabn | a|a d
040 ## - CATALOGING SOURCE
- Original cataloging agency: NUST
- Transcribing agency: NUST
100 ## - HEADING--PERSONAL NAME
- Personal name: SPIEGEL, MURRAY P
670 ## - SOURCE DATA FOUND
- Source citation: Work cat.: (NUST): SPIEGEL, MURRAY P, THEORY AND PROBLEMS OF VECTOR ANALYSIS AN INTRODUCTION TO THE TENSOR ANALYSIS, 1974
